|
|
|
|
| LEADER |
01203nam a2200313 a 4500 |
| 001 |
30876 |
| 003 |
BD-DhAAL |
| 005 |
20160131164453.0 |
| 008 |
160131t2015 ii b 000 0 eng |
| 020 |
|
|
|a 9788129114679
|
| 040 |
|
|
|a DLC
|c DLC
|d DLC
|d BD-DhAAL
|
| 050 |
0 |
0 |
|a PL4758.9.T5
|b A284 1984
|
| 082 |
0 |
0 |
|a 894.81111
|2 19
|
| 999 |
|
|
|c 36724
|d 36724
|
| 999 |
|
|
|c 36724
|
| 999 |
|
|
|c 36724
|
| 999 |
|
|
|c 0
|
| 999 |
|
|
|c 35897
|
| 245 |
1 |
4 |
|a Thirukkural :
|b pearls of inspiration /
|c Translated by M. Rajaram , Foreword by APJ Abdul Kalam
|
| 250 |
|
|
|a 2nd ed.
|
| 260 |
|
|
|a New Delhi :
|b Rupa publications,
|c 2009 [Fifteenth impression 2015]
|
| 300 |
|
|
|a xix, 271 p. ;
|c 23 cm.
|
| 541 |
|
|
|e 30876
|
| 650 |
|
|
|a God in literature.
|9 17638
|
| 700 |
1 |
|
|a Rajaram, M.
|9 15694
|
| 700 |
1 |
|
|a Kalam, APJ Abdul
|9 17639
|
| 942 |
|
|
|2 ddc
|c BK
|
| 952 |
|
|
|0 0
|1 0
|2 ddc
|4 0
|6 894_811110000000000_THI
|7 0
|9 57814
|a BRACUL
|b BRACUL
|c GEN
|d 2016-01-31
|e R. K. Corporation
|g 890.00
|l 0
|o 894.81111 THI
|p 3010030876
|r 2016-01-31
|t 1
|w 2016-01-31
|y BK
|
| 952 |
|
|
|0 0
|1 0
|2 ddc
|4 0
|6 894_811110000000000_THI
|7 0
|9 57815
|a BRACUL
|b BRACUL
|c GEN
|d 2016-01-31
|e R. K. Corporation
|g 890.00
|l 2
|m 2
|o 894.81111 THI
|p 3010030877
|r 2016-10-20
|s 2016-08-31
|t 2
|w 2016-01-31
|y BK
|